| 000 | 00624nam a2200205Ia 4500 | ||
|---|---|---|---|
| 005 | 20250508154719.0 | ||
| 008 | 008 250505s9999 xx 000 0 eng d | ||
| 037 | _aTextual | ||
| 040 |
_aFEDL _beng _cFEDL |
||
| 041 |
_aeng _2eng |
||
| 084 |
_a370.11, RAT _qFEDL |
||
| 100 |
_aRaths Louis E. _9765915 |
||
| 245 | 0 | _aValues and teaching : Working with values in the classroom | |
| 260 |
_aColumbus, USA _bCharles E. Merrill Book Inc. _c1966 |
||
| 300 | _aix,275p | ||
| 650 | _aEducation | ||
| 700 |
_a Harmin Merrill Simon Sidney B. _9765916 |
||
| 942 |
_cTEXL _h370.11, RAT |
||
| 999 |
_c1351747 _d1351747 |
||